Vista normal
Vista MARC
Entrada Materia (personas)
Número de registros utilizados en: 2
001 - CONTROL NUMBER
- control field: 29491
003 - CONTROL NUMBER IDENTIFIER
- control field: Co-BoUCM
005 - DATE AND TIME OF LATEST TRANSACTION
- control field: 20130220093318.0
008 - FIXED-LENGTH DATA ELEMENTS
- fixed length control field: 130220|| aca||aabn | a|a d
040 ## - CATALOGING SOURCE
- Original cataloging agency: Co-BoUCM
- Transcribing agency: Co-BoUCM
100 ## - HEADING--PERSONAL NAME
- Personal name: Montesquieu, Carlos de Secondat, Barón De
- Dates associated with a name: 689-1755
670 ## - SOURCE DATA FOUND
- Source citation: Work cat.: (Co-BoUCM): Montesquieu, Carlos de Secondat, Barón De 689-1755, El espíritu de las leyes, 1971.